“板面”地点数量≥700的地级行政区 Prefectures with ≥700 "Banmian" sites - Statistics

General Stats
  • This quiz has been taken 51 times
  • The average score is 18 of 24
Answer Stats
地级行政区 数量 % Correct
石家庄 2716
100%
天津 2538
98%
北京 2278
98%
保定 1961
98%
邯郸 1530
98%
邢台 1384
98%
唐山 1688
96%
沧州 1151
96%
廊坊 1489
91%
衡水 735
91%
济南 1735
85%
承德 790
80%
青岛 957
78%
德州 708
70%
阜阳 1318
65%
菏泽 767
63%
济宁 981
59%
徐州 1501
57%
潍坊 921
57%
沈阳 797
57%
临沂 1769
54%
滨州 769
43%
哈尔滨 1341
28%
朝阳 715
13%
No matching quizzes found
Score Distribution
Percent of People with Each Score
Percentile by Number Answered
Your Score History
You have not taken this quiz